[Event "HEM 2009 C-Turnier"]
[Site "Idstein"]
[Date "2009.04.10"]
[Round "4"]
[White "Kellerwessel, Ralf"]
[Black "Rump, Andreas"]
[Result "1/2-1/2"]
[WhiteElo "1911"]
[BlackElo "1801"]
[PlyCount "62"]
[EventDate "2009.??.??"]

1. Nc3 Nf6 2. e4 e5 3. f4 d5 4. fxe5 Nxe4 5. Nf3 Be7 6. Qe2 Nxc3 7. bxc3 O-O 8.
d4 Bf5 9. Qf2 c5 10. Bd3 Bxd3 11. cxd3 Qa5 12. Bd2 cxd4 13. Nxd4 Bc5 14. O-O
Nd7 15. Kh1 Nxe5 16. Qe2 Bd6 17. Nf5 Qc7 18. Bf4 Rfe8 19. Nxd6 Qxd6 20. Rae1
Qc6 21. Bxe5 f6 22. Qh5 g6 23. Qf3 fxe5 24. Qf7+ Kh8 25. h4 e4 26. h5 Qe6 27.
Qxb7 Qe5 28. hxg6 hxg6 29. Rf3 exf3 30. Rxe5 f2 31. Qf7 Rf8 1/2-1/2

[Event "HEM 2009 C-Turnier"]
[Site "Idstein"]
[Date "2009.04.10"]
[Round "4"]
[White "Matzies, Alexander"]
[Black "Held, Helmut"]
[Result "0-1"]
[WhiteElo "1961"]
[BlackElo "1768"]
[PlyCount "64"]
[EventDate "2009.??.??"]

1. e4 e6 2. d4 d5 3. Nc3 Bb4 4. e5 c5 5. a3 Ba5 6. b4 cxd4 7. Qxd4 Bc7 8. f4
Ne7 9. Nf3 Bd7 10. Be2 a6 11. Be3 Nf5 12. Qd2 Nxe3 13. Qxe3 Nc6 14. Qd2 Rc8 15.
O-O Ne7 16. Bd3 g6 17. Kh1 h5 18. Ne2 h4 19. Ned4 Bb6 20. a4 Kf8 21. Rfc1 Kg7
22. c4 dxc4 23. Rxc4 h3 24. g3 Nc6 25. Be4 Nxd4 26. Rxc8 Qxc8 27. Nxd4 Qc4 28.
Rd1 Bxa4 29. Ra1 Rd8 30. f5 Qxd4 31. f6+ Kh7 32. Qe1 Qxe4+ 0-1

[Event "HEM 2009 C-Turnier"]
[Site "Idstein"]
[Date "2009.04.10"]
[Round "4"]
[White "Ahrends, Norbert"]
[Black "Ewin, Hans-Peter"]
[Result "1-0"]
[WhiteElo "2021"]
[BlackElo "1897"]
[PlyCount "41"]
[EventDate "2009.??.??"]

1. d4 Nf6 2. c4 e5 3. dxe5 Ne4 4. Nf3 Nc6 5. e3 Bb4+ 6. Nbd2 Qe7 7. Be2 Nxe5 8.
O-O Bxd2 9. Nxd2 Nf6 10. b3 d6 11. Bb2 O-O 12. Nf3 b6 13. Qd4 Re8 14. Qc3 Bb7
15. Rae1 Ne4 16. Qc2 Nxf3+ 17. Bxf3 Qh4 18. g3 Qg5 19. Bg2 h5 20. f3 Nf6 21. f4
1-0

[Event "HEM 2009 C-Turnier"]
[Site "Idstein"]
[Date "2009.04.10"]
[Round "4"]
[White "Winter, Lars"]
[Black "Minor, Dieter"]
[Result "1-0"]
[WhiteElo "2016"]
[BlackElo "1848"]
[PlyCount "43"]
[EventDate "2009.??.??"]

1. e4 e5 2. Nf3 Nf6 3. Nxe5 d6 4. Nf3 Nxe4 5. Nc3 Nf6 6. d4 d5 7. Bg5 Be7 8.
Bd3 O-O 9. Qd2 c6 10. O-O-O b5 11. Qf4 Be6 12. Kb1 a5 13. Bxf6 Bxf6 14. g4 g6
15. h4 Be7 16. Qh6 Re8 17. Ng5 Bxg5 18. hxg5 a4 19. Rde1 Qd6 20. f4 Qxf4 21.
Bxg6 hxg6 22. Qh8# 1-0

[Event "HEM 2009 C-Turnier"]
[Site "Idstein"]
[Date "2009.04.10"]
[Round "4"]
[White "Krzesinski, Paul"]
[Black "Fußnecker, Manfred"]
[Result "1-0"]
[WhiteElo "1745"]
[BlackElo "1993"]
[PlyCount "51"]
[EventDate "2009.??.??"]

1. e4 e5 2. d4 exd4 3. Qxd4 Nc6 4. Qe3 Be7 5. Nc3 Nf6 6. Bc4 O-O 7. Nf3 d5 8.
Nxd5 Nxd5 9. Bxd5 Nb4 10. Bb3 c5 11. a3 c4 12. axb4 cxb3 13. Qxb3 Be6 14. Qe3
Bc4 15. Bd2 Bf6 16. Bc3 Re8 17. Nd2 Bb5 18. Bxf6 Qxf6 19. c3 Rad8 20. O-O-O Bd3
21. f3 Qa6 22. Nb3 f5 23. e5 f4 24. Qxf4 Qa2 25. Rxd3 Rxd3 26. Qc4+ 1-0

[Event "HEM 2009 C-Turnier"]
[Site "Idstein"]
[Date "2009.04.10"]
[Round "4"]
[White "Rompel, Michael"]
[Black "Schwarz, Eduard"]
[Result "0-1"]
[WhiteElo "1992"]
[BlackElo "1846"]
[PlyCount "84"]
[EventDate "2009.??.??"]

1. d4 Nf6 2. c3 e6 3. Bg5 d5 4. Nd2 Be7 5. e3 O-O 6. Bd3 Nbd7 7. f4 c5 8. Ngf3
h6 9. Bh4 b6 10. O-O Bb7 11. Rc1 Ne4 12. Bxe7 Qxe7 13. Ne5 Nxe5 14. fxe5 f6 15.
exf6 Rxf6 16. Nxe4 Rxf1+ 17. Qxf1 dxe4 18. Ba6 Bd5 19. a3 Rf8 20. Qe2 cxd4 21.
exd4 Qg5 22. Re1 e3 23. Rf1 Rf6 24. Rxf6 gxf6 25. h3 f5 26. c4 Be4 27. c5 bxc5
28. dxc5 f4 29. Qg4 Qxg4 30. hxg4 Kf7 31. Kf1 Ke7 32. Be2 Kd7 33. b4 e5 34.
Bb5+ Kc7 35. Be2 Bc2 36. Ke1 Kc6 37. Bc4 Ba4 38. Ke2 e4 39. g3 fxg3 40. Kxe3
Bd1 41. Bf1 Bf3 42. Bh3 g2 0-1

[Event "HEM 2009 C-Turnier"]
[Site "Idstein"]
[Date "2009.04.10"]
[Round "4"]
[White "Zimmer, Gerald"]
[Black "Launert, Martin"]
[Result "1-0"]
[WhiteElo "1772"]
[BlackElo "1988"]
[PlyCount "81"]
[EventDate "2009.??.??"]

1. d4 d5 2. Nf3 Nf6 3. e3 Bg4 4. Bd3 e6 5. O-O Nc6 6. b3 e5 7. dxe5 Nxe5 8.
Nbd2 Bd6 9. Bb2 O-O 10. Be2 Ng6 11. c4 dxc4 12. Nxc4 Be7 13. Qc2 c6 14. Rfd1
Qc7 15. Nfe5 Bxe2 16. Qxe2 Rad8 17. Nxg6 hxg6 18. Be5 Qc8 19. Qf3 Qe6 20. Bb2
Ne4 21. Rac1 Ng5 22. Qf4 Ne4 23. Be5 Nf6 24. Bb2 Rd5 25. Rxd5 Qxd5 26. Qd4 Rd8
27. Qxd5 Rxd5 28. Kf1 Ne4 29. Rc2 Bb4 30. Ke2 b5 31. Ne5 c5 32. Nc6 Rh5 33. f3
Nf6 34. a3 Rxh2 35. axb4 Rxg2+ 36. Kd3 Rg3 37. Bxf6 gxf6 38. bxc5 Rxf3 39. Nxa7
f5 40. c6 f4 41. Re2 1-0

[Event "HEM 2009 C-Turnier"]
[Site "Idstein"]
[Date "2009.04.10"]
[Round "4"]
[White "Guenzler, Richard"]
[Black "Wachtel, Johann"]
[Result "1-0"]
[WhiteElo "1909"]
[BlackElo "1712"]
[PlyCount "115"]
[EventDate "2009.??.??"]

1. e4 e5 2. Nf3 Nc6 3. Bb5 Qf6 4. Nc3 a6 5. Nd5 Qd6 6. Ba4 Nf6 7. Qe2 Be7 8.
Bb3 Na5 9. d4 Nxd5 10. dxe5 Qb4+ 11. Bd2 Nf4 12. c3 Nxe2 13. cxb4 Nxb3 14. axb3
Nf4 15. Bxf4 Bxb4+ 16. Ke2 d6 17. Rhd1 Bd7 18. exd6 Bb5+ 19. Ke3 Bc5+ 20. Nd4
cxd6 21. Bxd6 Bxd4+ 22. Rxd4 O-O-O 23. Rc1+ Bc6 24. f4 Rhe8 25. e5 h6 26. b4 f6
27. Kf2 fxe5 28. fxe5 Re6 29. Rf4 Rexd6 30. exd6 Rxd6 31. Rf8+ Kc7 32. Rf7+ Kb6
33. Re1 g6 34. Rfe7 Rd4 35. R1e2 Kb5 36. R7e6 Rg4 37. g3 h5 38. Rf6 h4 39. Re5+
Ka4 40. Rf4 hxg3+ 41. hxg3 Rxf4+ 42. gxf4 Kxb4 43. Re6 Kb3 44. Rxg6 Kxb2 45. f5
a5 46. Rxc6 bxc6 47. f6 a4 48. f7 a3 49. f8=Q a2 50. Qb4+ Kc2 51. Qa3 Kb1 52.
Qb3+ Ka1 53. Ke2 c5 54. Kd2 c4 55. Qxc4 Kb2 56. Qc1+ Kb3 57. Qa1 Ka3 58. Kc2
1-0

[Event "HEM 2009 C-Turnier"]
[Site "Idstein"]
[Date "2009.04.10"]
[Round "4"]
[White "Schmitt, Carsten"]
[Black "Kutschera, Julian"]
[Result "0-1"]
[WhiteElo "1988"]
[BlackElo "1868"]
[PlyCount "36"]
[EventDate "2009.??.??"]

1. e4 c6 2. Bc4 d5 3. Bb3 dxe4 4. Qh5 e6 5. Nc3 Nf6 6. Qh4 Nbd7 7. Nxe4 Nxe4 8.
Qxe4 Nc5 9. Qe2 Nxb3 10. axb3 Bd6 11. Nf3 O-O 12. d4 b6 13. O-O Bb7 14. Ng5 c5
15. Qd3 g6 16. Qh3 h5 17. dxc5 Bxc5 18. g4 Qd5 0-1

[Event "HEM 2009 C-Turnier"]
[Site "Idstein"]
[Date "2009.04.10"]
[Round "4"]
[White "Gutacker, Stephan"]
[Black "Zhukov, Leonid"]
[Result "0-1"]
[WhiteElo "1967"]
[BlackElo "1770"]
[PlyCount "58"]
[EventDate "2009.??.??"]

1. e4 e5 2. Nf3 Nf6 3. Bc4 Nxe4 4. Nc3 Nxc3 5. dxc3 f6 6. Nh4 g6 7. O-O Qe7 8.
Kh1 d6 9. f4 Nc6 10. f5 Qg7 11. Qe2 Be7 12. g4 Bd7 13. b4 a6 14. Be3 g5 15. Ng2
h5 16. Bf2 hxg4 17. Ne3 Qh7 18. Bg3 Na7 19. Qxg4 Qh3 20. Qxh3 Rxh3 21. Kg2 Rh7
22. a4 c6 23. b5 cxb5 24. axb5 Bxb5 25. Rfd1 Bxc4 26. Nxc4 Nb5 27. Ne3 Nxc3 28.
Rd3 Rc8 29. Be1 Ne2 0-1

[Event "HEM 2009 C-Turnier"]
[Site "Idstein"]
[Date "2009.04.10"]
[Round "4"]
[White "Haftmann, Rainer"]
[Black "Bolduan, Michael"]
[Result "1-0"]
[WhiteElo "1877"]
[BlackElo "1883"]
[PlyCount "92"]
[EventDate "2009.??.??"]

1. e4 e6 2. d4 d5 3. Nd2 Nf6 4. e5 Nfd7 5. Bd3 c5 6. c3 Nc6 7. Ne2 cxd4 8. cxd4
Qb6 9. Nf3 Be7 10. O-O O-O 11. b3 f6 12. exf6 Nxf6 13. h3 Bd7 14. Be3 Nb4 15.
Bb1 Bd6 16. a3 Nc6 17. Ne5 Qc7 18. f4 Ne7 19. Bd3 Nf5 20. Bf2 Rac8 21. b4 Qb6
22. g4 Ne7 23. g5 Bb5 24. gxf6 Rxf6 25. Ng4 Rff8 26. Qd2 Bxd3 27. Qxd3 Bxf4 28.
Bg3 Bd6 29. Rxf8+ Rxf8 30. Qe3 Bxg3 31. Nxg3 Ng6 32. Ne5 Nxe5 33. Qxe5 Rf3 34.
Kg2 Rf6 35. Rc1 h6 36. Rc8+ Kh7 37. Rc7 Rg6 38. h4 Qb5 39. Rc3 a5 40. Rc5 Qd3
41. Rxa5 Rf6 42. Ra8 Rf3 43. Qb8 Qe3 44. Qg8+ Kg6 45. h5+ Kg5 46. Qxg7+ Kh4 1-0

[Event "HEM 2009 C-Turnier"]
[Site "Idstein"]
[Date "2009.04.10"]
[Round "4"]
[White "Bosse, Volkmar"]
[Black "Foerster, Rudi"]
[Result "1/2-1/2"]
[WhiteElo "1961"]
[BlackElo "1936"]
[PlyCount "22"]
[EventDate "2009.??.??"]

1. e4 c5 2. Nf3 Nc6 3. d4 cxd4 4. Nxd4 g6 5. Nc3 Bg7 6. Nxc6 bxc6 7. Bd3 Nf6 8.
O-O O-O 9. Rb1 d5 10. exd5 Nxd5 11. Nxd5 cxd5 1/2-1/2

[Event "HEM 2009 C-Turnier"]
[Site "Idstein"]
[Date "2009.04.10"]
[Round "4"]
[White "Egenolf, Dirk"]
[Black "Geringer, Waldemar"]
[Result "1-0"]
[WhiteElo "1896"]
[BlackElo "1947"]
[PlyCount "117"]
[EventDate "2009.??.??"]

1. e4 c5 2. Nf3 d6 3. d4 cxd4 4. Nxd4 Nf6 5. Nc3 a6 6. Be2 e5 7. Nb3 Be6 8. Bf3
Be7 9. O-O b5 10. Nd5 Bxd5 11. exd5 Nbd7 12. Re1 O-O 13. Qd3 Qc7 14. Bd2 Rac8
15. c3 Nb6 16. Rad1 Nc4 17. Bc1 Ne8 18. g4 Qd7 19. Qf5 Qxf5 20. gxf5 g6 21. Bg4
Rc7 22. Bh3 Ng7 23. fxg6 hxg6 24. Re2 f5 25. f4 e4 26. Nd4 Kf7 27. Nc6 Nb6 28.
Nb4 a5 29. Be3 Nc4 30. Nc6 Nxe3 31. Rxe3 Nh5 32. Nd4 Nxf4 33. Rf1 Rh8 34. Rxf4
Bg5 35. Ne6 Bxf4 36. Nxf4 Rc5 37. b4 axb4 38. cxb4 Rc1+ 39. Bf1 Rh4 40. Ng2 Rg4
41. h3 Rg5 42. Kf2 Rc2+ 43. Be2 Rxa2 44. Kf1 Rxe2 45. Rxe2 Rg3 46. Re3 Rxe3 47.
Nxe3 Kf6 48. Nd1 Ke5 49. Nc3 g5 50. Nxb5 Kxd5 51. Nc7+ Ke5 52. b5 d5 53. b6 Kd6
54. Nxd5 Kc6 55. Ke2 f4 56. Nf6 e3 57. Ne4 Kxb6 58. Nxg5 Kc6 59. Ne6 1-0

[Event "HEM 2009 C-Turnier"]
[Site "Idstein"]
[Date "2009.04.10"]
[Round "4"]
[White "Juhnke, Peter"]
[Black "Larem, Peter"]
[Result "0-1"]
[WhiteElo "1945"]
[BlackElo "1935"]
[PlyCount "44"]
[EventDate "2009.??.??"]

1. e4 e5 2. f4 exf4 3. Nf3 g5 4. h4 g4 5. Ng5 d5 6. d4 h6 7. Nxf7 Kxf7 8. Bxf4
dxe4 9. Bc4+ Ke8 10. O-O Nc6 11. d5 Bc5+ 12. Rf2 Qxh4 13. g3 Bxf2+ 14. Kxf2
Qh2+ 15. Ke3 Nb4 16. Be2 Ne7 17. Nc3 Nf5+ 18. Kxe4 Qg2+ 19. Ke5 Kf7 20. Bb5 c6
21. Bd2 Re8+ 22. Kf4 Qxg3# 0-1

[Event "HEM 2009 C-Turnier"]
[Site "Idstein"]
[Date "2009.04.10"]
[Round "4"]
[White "Vielsaecker, Dirk"]
[Black "Raab, Hendrik"]
[Result "1/2-1/2"]
[WhiteElo "1860"]
[BlackElo "1789"]
[PlyCount "38"]
[EventDate "2009.??.??"]

1. d4 d5 2. Nf3 Nf6 3. c4 e6 4. Nc3 c6 5. cxd5 exd5 6. Bg5 Be7 7. Qc2 Bg4 8.
Ne5 Bh5 9. e3 Bg6 10. Nxg6 fxg6 11. Bd3 O-O 12. O-O-O Ng4 13. Bxe7 Qxe7 14.
Rdf1 Nd7 15. h3 Nh6 16. Kb1 Nf6 17. Re1 Rae8 18. f3 Qd6 19. Qd2 Re7 1/2-1/2

[Event "HEM 2009 C-Turnier"]
[Site "Idstein"]
[Date "2009.04.10"]
[Round "4"]
[White "Weber, Andreas"]
[Black "Friedrich, Helmut"]
[Result "1-0"]
[WhiteElo "1921"]
[BlackElo "1704"]
[PlyCount "75"]
[EventDate "2009.??.??"]

1. d4 Nf6 2. Nf3 g6 3. Bf4 Bg7 4. e3 d6 5. Bd3 Bg4 6. h3 Bd7 7. Nbd2 Nc6 8. Qe2
Nb4 9. g4 Nxd3+ 10. Qxd3 Nd5 11. Bh2 e6 12. c3 Qe7 13. e4 Nb6 14. e5 Bc6 15.
O-O O-O 16. Rfe1 Rad8 17. exd6 cxd6 18. c4 Qd7 19. b4 a6 20. Rac1 Bxf3 21. Nxf3
f6 22. Qe3 d5 23. c5 Nc4 24. Qxe6+ Qxe6 25. Rxe6 Rfe8 26. Rce1 Rxe6 27. Rxe6
Kf7 28. Re2 Bh6 29. a4 Rd7 30. b5 Na5 31. h4 Re7 32. Rxe7+ Kxe7 33. g5 Bg7 34.
Bc7 Nc4 35. c6 Nd6 36. cxb7 Nxb7 37. bxa6 Kd7 38. a7 1-0

[Event "HEM 2009 C-Turnier"]
[Site "Idstein"]
[Date "2009.04.10"]
[Round "4"]
[White "Wesoly, Helge"]
[Black "Will, Dominik"]
[Result "1-0"]
[WhiteElo "1811"]
[BlackElo "1791"]
[PlyCount "45"]
[EventDate "2009.??.??"]

1. d4 d5 2. c4 c6 3. e3 Nf6 4. Nc3 a6 5. a4 e6 6. Nf3 c5 7. Be2 Nc6 8. O-O Bd6
9. Qb3 dxc4 10. Bxc4 Na5 11. Qa2 Nxc4 12. Qxc4 cxd4 13. exd4 O-O 14. Bg5 Be7
15. Rfd1 Qb6 16. b3 Bd7 17. Ne4 Rac8 18. Qd3 Nd5 19. Bxe7 Nxe7 20. Neg5 g6 21.
Ne5 Qd6 22. Qh3 h5 23. Ne4 1-0

[Event "HEM 2009 C-Turnier"]
[Site "Idstein"]
[Date "2009.04.10"]
[Round "4"]
[White "Heckwolf, Thomas"]
[Black "Sammons, Daniel"]
[Result "1/2-1/2"]
[WhiteElo "1618"]
[BlackElo "1705"]
[PlyCount "61"]
[EventDate "2009.??.??"]

1. e4 e5 2. Bc4 Nc6 3. Nf3 Bc5 4. Nc3 Nf6 5. O-O d6 6. h3 Be6 7. Bxe6 fxe6 8.
d3 Qd7 9. Be3 Bb6 10. a4 O-O 11. Nh2 d5 12. Bxb6 axb6 13. b3 Qf7 14. f4 exf4
15. Rxf4 d4 16. Ne2 e5 17. Rf2 Qg6 18. Qd2 b5 19. c3 bxa4 20. Rxa4 Rxa4 21.
bxa4 Rd8 22. c4 Ra8 23. Qb2 Rb8 24. Nf3 Qh6 25. Ng3 Qe3 26. Qb3 Qc1+ 27. Rf1
Qc3 28. Rb1 Qxb3 29. Rxb3 h6 30. Rb5 Nd7 31. Nf5 1/2-1/2